000 00367nam a2200145Ia 4500
008 231129s1994||||xx |||||||||||||| ||spa||
020 _a968-422-481-8
040 _bspa
082 _a005.43 R918s
100 _aRueda Francisco
245 0 _aSistemas Operativos
260 _c1994
264 _aMcGraw-Hill
942 _2ddc
_cBKS
999 _c24696
_d24696